Statistiques concernant Culture Générale - Série 826

Cliquez ici pour prendre le quiz!

Statistiques générales

  • Ce quiz a été pris 53 fois
  • Le résultat moyen est 4 sur 10

Statistiques - réponses

QuestionRéponse% Correct
Quelle ville californienne appelle-t-on familièrement : "Frisco" ?San Francisco
96%
D'après le titre du tube qui l'a rendu célèbre en 1994, où était Gérald De Palmas "toute la sainte journée" ?sur la route
83%
Le wellingtonia est un arbre mesurant entre 50 et 85 mètres, que l'on appelle aussi ...séquoia
62%
Selon l'expression familière, quelle partie de l'aloyau taille-t-on, quand on discute le bout de gras ?bavette
62%
Dans quelle ville australienne se trouve le célèbre circuit de Formule 1 d'Albert Park ?Melbourne
53%
Dans la série "The X-Files", quel est le nom de l'agent du FBI incarné par David Duchovny ?Fox Mulder
43%
Dans quelle ville les nordistes remportent-ils une victoire lors de la guerre de Sécession, en juillet 1863 ?Gettysburg
19%
Le riel est l'unité monétaire du ...Cambodge
15%
Rivière,affluent du Danube, coulant en Ukraine et en Roumanie et dont l'anagramme est "tiers"Siret
6%
Que désignait autrefois le mot "pétun" ?tabac
6%

Distribution des résultats

Percentile par nombre de réponses

% des personnes avec chaque résultat

Votre développement - résultats

Vous n’avez pas pris ce quiz